000 00571nam a2200241Ia 4500
003 OSt
005 20220912145522.0
006 a|||||r|||| 00| 0
007 ta
008 220909b |||||||| |||| 00| 0 eng d
024 _a69358
037 _cTextual
040 _aCSL
_beng
_cCSL
041 _aeng
082 _aL0Ky8, K5.4
100 _aGay W I Ed.
245 0 _aMethods of animal experimentation
260 _c1965
300 _ap.
_ccm.
650 _aMedicine
942 _hL0Ky8, K5.4
_cTEXL
_2CC
999 _c33597
_d33597